000
00321nam a2200121 a 4500
005
20141022142004.0
008
100826s19uu xx 00 eng d
050
_a
VCD
_b
MED46 2004
245
_a
Medication administration III :
_b
parental medication.
650
_a
VCD NUR
650
_a
Parental medication
942
_c
AVM
999
_c
276417
_d
276417